Catálogo

LAS RATAS (Registro nro. 42119)

Detalles MARC
000 -LEADER
fixed length control field 00482nam a2200193 a 4500
001 - CONTROL NUMBER
control field 42119
005 - DATE AND TIME OF LATEST TRANSACTION
control field 20180714020317.0
008 - FIXED-LENGTH DATA ELEMENTS--GENERAL INFORMATION
fixed length control field 140415s1963 sp 000 0 spa d
041 ## - LANGUAGE CODE
Language code of text/sound track or separate title spa
082 ## - DEWEY DECIMAL CLASSIFICATION NUMBER
Classification number 863
Item number DEL
100 1# - MAIN ENTRY--PERSONAL NAME
Personal name DELIBES, MIGUEL
245 14 - TITLE STATEMENT
Title LAS RATAS
250 ## - EDITION STATEMENT
Edition statement 2a ed.
260 ## - PUBLICATION, DISTRIBUTION, ETC.
Place of publication, distribution, etc. ESPAÑA :
Name of publisher, distributor, etc. EDICIONES DESTINO,
Date of publication, distribution, etc. 1963
300 ## - PHYSICAL DESCRIPTION
Extent 164
490 ## - SERIES STATEMENT
Series statement ANCORA Y DELFINO
Volume/sequential designation 218
500 ## - GENERAL NOTE
General note (ANCORA Y DELFIN; 218)
650 14 - SUBJECT ADDED ENTRY--TOPICAL TERM
Topical term or geographic name entry element NOVELA ESPAOLA
Existencias
Withdrawn status Lost status Source of classification or shelving scheme Damaged status Not for loan Collection code Home library Current library Shelving location Date acquired Source of acquisition Inventory number Total Checkouts Full call number Barcode Date last seen Price effective from Koha item type
    Dewey Decimal Classification     General Biblioteca Karol Wojtyla Biblioteca Karol Wojtyla Sala general 03/12/2013 Compra 151000000000000000033885   863 DEL 6343 05/01/2026 03/12/2013 Libro